000 00913cam a2200265 4500
001 J1240
008 090401t1992 xxu||||| |||| 00| 0 eng d
035 _a(Sirsi) u42449
041 _aeng
050 _a634.9619
100 _aValverde Lopez, Jose Luis
245 _aReport of the Committee on the Environment, Public Health and Consumer Protection on the Commission proposal for a Council Regulation (EEC) amending Regulation (EEC) No. 3528/86 on the protection of the Community`s forests against atmospheric pollution (COM(91) 0431 final - C3-0440/91)
260 _c1992
300 _a23p. ; 30cm.
350 _a0
490 _aSession Documents
_vA3-0223/92
650 _aAIR POLLUTION
650 _aATMOSPHERIC POLLUTION
650 _aEUROPEAN COMMUNITY
650 _aFORESTRY
690 _aEUROPE-SINGLE MARKET
710 _aEuropean Parliament
_92444
942 _n0
948 _c04/03/1997
999 _c91123
_d91123